This can't be happening at Macdonald Hall! / (Record no. 2473)

MARC details
000 -LEADER
fixed length control field 01007cam a2200301 i 4500
005 - DATE AND TIME OF LATEST TRANSACTION
control field 20231211113859.0
020 ## - INTERNATIONAL STANDARD BOOK NUMBER
International Standard Book Number 9780545289245
040 ## - CATALOGING SOURCE
Original cataloging agency DLC
Transcribing agency DLC
Modifying agency DLC
Language of cataloging eng
050 00 - LIBRARY OF CONGRESS CALL NUMBER
Classification number PZ7.K8369
Item number Th
082 00 - DEWEY DECIMAL CLASSIFICATION NUMBER
Classification number 820
100 1# - MAIN ENTRY--PERSONAL NAME
Personal name Korman, Gordon
245 10 - TITLE STATEMENT
Title This can't be happening at Macdonald Hall! /
Statement of responsibility, etc. Gordon Korman ; illustrated by Affie Mohammed
250 ## - EDITION STATEMENT
Edition statement This edition first printing, May 2011
260 ## - PUBLICATION, DISTRIBUTION, ETC.
Place of publication, distribution, etc. New York :
Name of publisher, distributor, etc. Scholastic,
Date of publication, distribution, etc. 1978
300 ## - PHYSICAL DESCRIPTION
Extent 124 pages :
Other physical details illustrations ;
Dimensions 20 cm
500 ## - GENERAL NOTE
General note "INC 343."
505 ## - FORMATTED CONTENTS NOTE
Formatted contents note M
520 ## - SUMMARY, ETC.
Summary, etc. As they seem to be at the bottom of every prank at Macdonald Hall, the headmaster decides to separate roommates Bruno and Boots, but to little avail.
521 ## - TARGET AUDIENCE NOTE
Target audience note 670
Source Lexile
521 ## - TARGET AUDIENCE NOTE
Target audience note M
Source Raz-Plus
650 #1 - SUBJECT ADDED ENTRY--TOPICAL TERM
Topical term or geographic name entry element Boarding schools
General subdivision Fiction.
650 #1 - SUBJECT ADDED ENTRY--TOPICAL TERM
Topical term or geographic name entry element Schools
General subdivision Fiction.
650 #1 - SUBJECT ADDED ENTRY--TOPICAL TERM
Topical term or geographic name entry element Humorous stories.
650 #1 - SUBJECT ADDED ENTRY--TOPICAL TERM
Topical term or geographic name entry element Children's writings.
906 ## - LOCAL DATA ELEMENT F, LDF (RLIN)
a 7
b cbc
c orignew
d 2
e ncip
f 19
g y-gencatlg
942 ## - ADDED ENTRY ELEMENTS (KOHA)
Source of classification or shelving scheme Dewey Decimal Classification
Koha item type Books
Suppress in OPAC No
999 ## -
-- 2473
-- 2473
Holdings
Withdrawn status Lost status Source of classification or shelving scheme Damaged status Not for loan Collection Home library Current library Shelving location Date acquired Total Checkouts Full call number Barcode Date last seen Date last checked out Copy number Price effective from Koha item type
    Dewey Decimal Classification     Juvenile Fiction Footprints International School Library Network Toul Kork Campus Footprints International School Library Network Toul Kork Campus   12/11/2023 1 KOR 820 PZ7.K8369 FIS00745 12/11/2023 12/11/2023 1 12/11/2023 Books
    Dewey Decimal Classification     Juvenile Fiction Footprints International School Library Network Toul Kork Campus Footprints International School Library Network Toul Kork Campus   01/12/2024 1 KOR 820 PZ7.K8369 FISSE00522 04/23/2025 03/12/2024 2 12/11/2023 Books